<?xml version="1.0" encoding="UTF-8"?>
<record
    xmlns:xsi="http://www.w3.org/2001/XMLSchema-instance"
    xsi:schemaLocation="http://www.loc.gov/MARC21/slim http://www.loc.gov/standards/marcxml/schema/MARC21slim.xsd"
    xmlns="http://www.loc.gov/MARC21/slim">

  <leader>00316nam a22001217a 4500</leader>
  <datafield tag="020" ind1=" " ind2=" ">
    <subfield code="a">9780321542304</subfield>
  </datafield>
  <datafield tag="100" ind1=" " ind2=" ">
    <subfield code="a">ROCKSWOLD GARY</subfield>
  </datafield>
  <datafield tag="245" ind1=" " ind2=" ">
    <subfield code="a">COLLEGE ALGEBRA-with modelling &amp; visualization</subfield>
  </datafield>
  <datafield tag="250" ind1=" " ind2=" ">
    <subfield code="a">4th ed</subfield>
  </datafield>
  <datafield tag="260" ind1=" " ind2=" ">
    <subfield code="a">BOSTON</subfield>
    <subfield code="b">PEARSON/addison-wesley</subfield>
    <subfield code="c">2010</subfield>
  </datafield>
  <datafield tag="300" ind1=" " ind2=" ">
    <subfield code="a">various pagination</subfield>
    <subfield code="b">ill</subfield>
  </datafield>
  <datafield tag="942" ind1=" " ind2=" ">
    <subfield code="c">BK</subfield>
  </datafield>
  <datafield tag="999" ind1=" " ind2=" ">
    <subfield code="c">252227</subfield>
    <subfield code="d">252226</subfield>
  </datafield>
  <datafield tag="952" ind1=" " ind2=" ">
    <subfield code="0">0</subfield>
    <subfield code="1">0</subfield>
    <subfield code="4">0</subfield>
    <subfield code="7">0</subfield>
    <subfield code="8">NFIC</subfield>
    <subfield code="a">40404</subfield>
    <subfield code="b">40404</subfield>
    <subfield code="c">GEN</subfield>
    <subfield code="d">2016-01-28</subfield>
    <subfield code="l">3</subfield>
    <subfield code="o">QA152.3 .R63 2010</subfield>
    <subfield code="p">20169435</subfield>
    <subfield code="r">2018-12-06 00:00:00</subfield>
    <subfield code="s">2018-11-16</subfield>
    <subfield code="w">2016-01-28</subfield>
    <subfield code="y">BK</subfield>
  </datafield>
  <datafield tag="952" ind1=" " ind2=" ">
    <subfield code="0">0</subfield>
    <subfield code="1">0</subfield>
    <subfield code="4">0</subfield>
    <subfield code="7">0</subfield>
    <subfield code="8">NFIC</subfield>
    <subfield code="a">40404</subfield>
    <subfield code="b">40404</subfield>
    <subfield code="c">GEN</subfield>
    <subfield code="d">2016-01-28</subfield>
    <subfield code="l">0</subfield>
    <subfield code="o">QA152.3 .R63 2010</subfield>
    <subfield code="p">20169436</subfield>
    <subfield code="r">2016-01-28 00:00:00</subfield>
    <subfield code="w">2016-01-28</subfield>
    <subfield code="y">BK</subfield>
  </datafield>
  <datafield tag="952" ind1=" " ind2=" ">
    <subfield code="0">0</subfield>
    <subfield code="1">0</subfield>
    <subfield code="4">0</subfield>
    <subfield code="7">0</subfield>
    <subfield code="8">NFIC</subfield>
    <subfield code="a">40404</subfield>
    <subfield code="b">40404</subfield>
    <subfield code="c">GEN</subfield>
    <subfield code="d">2016-01-28</subfield>
    <subfield code="l">0</subfield>
    <subfield code="o">QA152.3 .R63 2010</subfield>
    <subfield code="p">20169437</subfield>
    <subfield code="r">2016-01-28 00:00:00</subfield>
    <subfield code="w">2016-01-28</subfield>
    <subfield code="y">BK</subfield>
  </datafield>
  <datafield tag="952" ind1=" " ind2=" ">
    <subfield code="0">0</subfield>
    <subfield code="1">0</subfield>
    <subfield code="4">0</subfield>
    <subfield code="7">0</subfield>
    <subfield code="8">NFIC</subfield>
    <subfield code="a">40404</subfield>
    <subfield code="b">40404</subfield>
    <subfield code="c">GEN</subfield>
    <subfield code="d">2016-01-28</subfield>
    <subfield code="l">0</subfield>
    <subfield code="o">QA152.3 .R63 2010</subfield>
    <subfield code="p">20169438</subfield>
    <subfield code="r">2016-01-28 00:00:00</subfield>
    <subfield code="w">2016-01-28</subfield>
    <subfield code="y">BK</subfield>
  </datafield>
  <datafield tag="952" ind1=" " ind2=" ">
    <subfield code="0">0</subfield>
    <subfield code="1">0</subfield>
    <subfield code="4">0</subfield>
    <subfield code="7">0</subfield>
    <subfield code="8">NFIC</subfield>
    <subfield code="a">40404</subfield>
    <subfield code="b">40404</subfield>
    <subfield code="c">GEN</subfield>
    <subfield code="d">2016-05-11</subfield>
    <subfield code="l">0</subfield>
    <subfield code="o">QA152.3 .R63 2010</subfield>
    <subfield code="p">201612054</subfield>
    <subfield code="r">2016-05-11 00:00:00</subfield>
    <subfield code="w">2016-05-11</subfield>
    <subfield code="y">BK</subfield>
  </datafield>
  <datafield tag="952" ind1=" " ind2=" ">
    <subfield code="0">0</subfield>
    <subfield code="1">0</subfield>
    <subfield code="4">0</subfield>
    <subfield code="7">0</subfield>
    <subfield code="8">NFIC</subfield>
    <subfield code="a">40404</subfield>
    <subfield code="b">40404</subfield>
    <subfield code="c">GEN</subfield>
    <subfield code="d">2016-05-11</subfield>
    <subfield code="l">0</subfield>
    <subfield code="o">QA152.3 .R63 2010</subfield>
    <subfield code="p">201612059</subfield>
    <subfield code="r">2016-05-11 00:00:00</subfield>
    <subfield code="y">BK</subfield>
  </datafield>
  <datafield tag="952" ind1=" " ind2=" ">
    <subfield code="0">0</subfield>
    <subfield code="1">0</subfield>
    <subfield code="4">0</subfield>
    <subfield code="7">0</subfield>
    <subfield code="8">NFIC</subfield>
    <subfield code="a">40404</subfield>
    <subfield code="b">SORI</subfield>
    <subfield code="c">GEN</subfield>
    <subfield code="d">2016-05-11</subfield>
    <subfield code="o">QA152.3 .R63 2010</subfield>
    <subfield code="p">201612060</subfield>
    <subfield code="q">2026-07-01</subfield>
    <subfield code="y">BK</subfield>
  </datafield>
  <datafield tag="952" ind1=" " ind2=" ">
    <subfield code="0">0</subfield>
    <subfield code="1">0</subfield>
    <subfield code="4">0</subfield>
    <subfield code="7">0</subfield>
    <subfield code="a">40404</subfield>
    <subfield code="b">40404</subfield>
    <subfield code="d">2016-08-17</subfield>
    <subfield code="l">0</subfield>
    <subfield code="o">QA 152.3R63 2010</subfield>
    <subfield code="p">201618354</subfield>
    <subfield code="r">2016-08-17 00:00:00</subfield>
    <subfield code="w">2016-08-17</subfield>
    <subfield code="y">BK</subfield>
  </datafield>
  <datafield tag="952" ind1=" " ind2=" ">
    <subfield code="0">0</subfield>
    <subfield code="1">0</subfield>
    <subfield code="4">0</subfield>
    <subfield code="7">0</subfield>
    <subfield code="a">40404</subfield>
    <subfield code="b">40404</subfield>
    <subfield code="c">GEN</subfield>
    <subfield code="d">2017-01-11</subfield>
    <subfield code="l">0</subfield>
    <subfield code="p">201616278</subfield>
    <subfield code="r">2017-01-11 00:00:00</subfield>
    <subfield code="w">2017-01-11</subfield>
    <subfield code="y">BK</subfield>
  </datafield>
</record>
